000 00819nam a2200241 i 4500
001 15832
003 ES-MaACL
005 20250823063030.0
007 t|
008 000508s1998 sp |||| |dspa j
020 _a84-88006-39-X
080 _a73 Sánchez, José Luis (064.3)
100 1 _aSánchez, José Luis,
_d1926-2018
_9102384
245 1 0 _aJosé Luis Sánchez
_b: referencias : [exposición].
260 _a[Madrid] :
_bCentro Cultural del Conde Duque,
_c[1998]
300 _a124 p :
_bprincipalmente il. col. y n. ;
_c23 x 20 cm.
600 1 4 _aSánchez, José Luis,
_d1926-2018-
_vExposiciones
_9102385
655 7 _2tgfbne
_9193628
_aCatálogos de exposiciones
710 2 _aCentro Cultural del Conde Duque.
_92579
852 _aES-MaACL
_jL-22932
942 _2udc
999 _c15832
_d15832